Muscles of upper limb - Statistics

General Stats
  • This quiz has been taken 6 times
  • The average score is 4 of 253
Answer Stats
Hint Answer % Correct
Nerve Long thoracic
60%
Nerve Axillary
40%
Nerve Dorsal scapular
40%
Pectoralis major, origin clavicular head Medial surface of clavicle
40%
Origin, sternocostal head Sternum, manubrium
40%
Insertion Coracoid process of scapula
20%
Nerve Dorsal scapular
20%
Nerve, upper Dorsal scapular
20%
Insertion Greater tubercle
20%
Deltoid, origin anterior Lateral 1/3 of clavicle
20%
Nerve, upper Lateral pectoral
20%
Insertion Medial border of scapula
20%
Nerve Medial pectoral
20%
Nerve, lower Medial pectoral
20%
Supraspinatus, origin Supraspinous fossa of scapula
20%
Insertion, digit 1
0%
Insertion, digit 1
0%
insertion, digit 1
0%
Insertion, digit 1
0%
Insertion, digit 1
0%
Insertion, digit 1
0%
Insertion, digit 2
0%
Insertion, digits 2 - 5
0%
Insertion, digits 2 - 5
0%
Insertion, digits 2 - 5
0%
Insertion, digit 5
0%
Insertion, digit 5
0%
Insertion, digit 5
0%
Insertion, digit 5
0%
Origin, rib 6th rib
0%
Origin, middle Acromion process
0%
Nerve branch Anterior interosseous
0%
Nerve, lateral part Anterior interosseous
0%
Nerve branch Anterior interosseous
0%
Flexor pollicis longus, origin Anterior surface of radius
0%
Nerve Axillary
0%
Insertion Bicipital groove
0%
Insertion Bicipital groove
0%
Insertion Bicipital groove
0%
Root value, lower C3 - C4
0%
Root value C4 - C5
0%
Root value C4 - C5
0%
Root value, upper C5
0%
Root value C5 - C6
0%
Root value C5 - C6
0%
Root value C5 - C6
0%
Root value C5 - C6
0%
Root value C5 - C6
0%
Root value C5 - C6
0%
Root value C5 - C6
0%
Root value C5 - C6
0%
Root value C5 - C6
0%
Root value C5 - C7
0%
Root value, upper C5 - C7
0%
Root value C5 - C7
0%
Root value C6 - C7
0%
Root value C6 - C7
0%
Root value C6 - C7
0%
Root value C6 - C7
0%
Root value C6 - C7
0%
Root value C6 - C7
0%
Root value C6 - C8
0%
Root value C6 - C8
0%
Root value C7
0%
Root value C7 - C8
0%
Root value C7 - C8
0%
Root value C7 - C8
0%
Root value C7 - C8
0%
Root value C7 - C8
0%
Root value C7 - C8
0%
Root value C7 - C8
0%
Root value C7 - C8
0%
Root value C7 - C8
0%
Root value C7 - T1
0%
Root value, lateral C7 - T1
0%
Root value C8 - T1
0%
Root value, lower C8 - T1
0%
Root value C8 - T1
0%
Root value, medial C8 - T1
0%
Root value C8 - T1
0%
Root value C8 - T1
0%
Origin, distal carpal 3 Capitate
0%
Origin, distal carpal 3 Capitate
0%
Origin for short head Coracoid process
0%
Coracobrachialis, origin Coracoid process
0%
Origin, ulna Coronoid process
0%
Flexor digitorum profundus, origin Coronoid process
0%
Insertion Coronoid process of ulna
0%
Nerve branch Deep branch
0%
Nerve branch Deep branch
0%
Nerve branch Deep branch
0%
Nerve branch Deep branch
0%
Nerve branch Deep branch
0%
Nerve branch Deep branch
0%
Insertion Deltoid tuberosity
0%
Insertion Distal 1/4 of radius
0%
Pronator quadratus, origin Distal 1/4 of ulna
0%
Brachialis, origin Distal half of shaft of humerus
0%
Insertion Distal phalanx
0%
Insertion Distal phalanx
0%
Insertion Distal phalanx
0%
Palmar interossei, origin Each metacarpal
0%
Dorsal interossei, origin Each metacarpal
0%
Insertion Extension hood
0%
Insertion Extensor hood
0%
Insertion Extensor hood
0%
Insertion Extensor hood of same metacarpal
0%
Insertion Extensor hood of same metacarpal
0%
Insertion Flexor retinaculum
0%
Flexor pollicis brevis, origin Flexor retinaculum
0%
Abductor pollicis brevis, origin Flexor retinaculum
0%
Opponens pollicis, origin Flexor retinaculum
0%
Origin Flexor retinaculum
0%
Origin Flexor retinaculum
0%
Insertion Greater tubercle
0%
Insertion Greater tubercle
0%
Insertion, distal carpal Hamate
0%
Flexor digiti minimi, origin carpal Hook of hamate
0%
Opponens digiti minimi, origin Hook of hamate
0%
Origin, pelvis Iliac crest
0%
Teres major, origin Inferior angle of scapula
0%
Origin, scapula Inferior angle of scapula
0%
Triceps, origin Infraglenoid tubercle
0%
Infraspinatus, origin Infraspinous fossa
0%
Insertion Junction of rib 1
0%
Teres minor, origin Lateral border of scapula
0%
Anconeus, origin Lateral epicondyle
0%
Supinator, origin Lateral epicondyle
0%
Extensor digitorum, origin Lateral epicondyle
0%
Extensor digiti minimi, origin Lateral epicondyle
0%
Extensor carpi radialis brevis, origin Lateral epicondyle
0%
Extensor carpi ulnaris. origin Lateral epicondyle
0%
Brachioradialis, origin Lateral supracondylar ridge
0%
Extensor carpi radialis longus, origin Lateral supracondylar ridge
0%
Insertion Lateral surface of radius
0%
Insertion Lateral surface of radius, above styloid process
0%
Insertion Lesser tubercle
0%
Origin, ribs Lower 3 - 4 ribs
0%
Nerve Lower subscapular
0%
Insertion Medial border
0%
Insertion Medial border of scapula
0%
Insertion Medial border of scapula
0%
Insertion Medial border of scapula
0%
Origin, humeral head Medial epicondyle
0%
Flexor digitorum superficialis, origin Medial epicondyle
0%
Flexor carpi radialis, origin Medial epicondyle
0%
Flexor carpi ulnaris, origin Medial epicondyle
0%
Palmaris longus, origin Medial epicondyle
0%
Insertion Medial side of shaft of humerus
0%
Pronator teres, origin ridge Medial supracondylar ridge
0%
Nerve Median
0%
Nerve Median
0%
Nerve Median
0%
Nerve Median
0%
Nerve Median
0%
Nerve Median
0%
Nerve Median
0%
Nerve Median
0%
Nerve Median
0%
Insertion Metacarpal 1
0%
Insertion Metacarpal 1
0%
Insertion Metacarpal 2
0%
Insertion Metacarpal 2 - 3
0%
Adductor pollicis, origin Metacarpal 2 - 4
0%
Insertion Metacarpal 3
0%
Insertion metacarpal Metacarpal 5
0%
Insertion Metacarpal 5
0%
Insertion Middle phalanx
0%
Nerve Musculocutaneous
0%
Nerve Musculocutaneous
0%
Nerve Musculocutaneous
0%
Origin, ulna Olecranon
0%
Insertion Olecranon process
0%
Insertion Olecranon process
0%
Insertion, proximal carpal Pisiform
0%
Abductor digiti minimi, origin Pisiform
0%
Origin, ligament between carpals Pisohamate
0%
Origin, ligament Pisometacarpal
0%
Nerve branch Posterior interosseous
0%
Nerve branch Posterior interosseous
0%
Nerve branch Posterior interosseous
0%
Nerve branch Posterior interosseous
0%
Nerve branch Posterior interosseous
0%
Nerve branch Posterior interosseous
0%
Nerve branch Posterior interosseous
0%
Nerve branch Posterior interosseous
0%
Nerve branch Posterior interosseous
0%
Insertion Posterior, lateral and anterior aspects of radius
0%
Extensor pollicis brevis Posterior surface of radius
0%
Extensor indicis, origin Posterior surface of ulna
0%
Extensor pollicis longus Posterior surface of ulna
0%
Abductor pollicis longus, origin Posterior surface of ulna and radius
0%
Origin, ulnar head Pronator ridge
0%
Insertion Proximal phalanx
0%
Insertion Proximal phalanx
0%
Insertion Proximal phalanx
0%
Insertion Proximal phalanx
0%
Insertion Proximal phalanx
0%
Insertion Proximal phalanx
0%
Nerve Radial
0%
Nerve Radial
0%
Nerve Radial
0%
Nerve Radial
0%
Nerve Radial
0%
Nerve Radial
0%
Nerve Radial
0%
Nerve Radial
0%
Nerve Radial
0%
Nerve Radial
0%
Nerve Radial
0%
Nerve Radial
0%
Nerve Radial
0%
Insertion Radial tuberosity
0%
Pectoralis minor, origin Ribs 3 - 5
0%
Origin, proximal carpal Scaphoid
0%
Rhomboid major, origin SP C7 - T1
0%
Origin, posterior Spine of scapula
0%
Rhomboid minor, origin SP T2 - T5
0%
Subclavius, origin Subclavian groove
0%
Nerve Subclavius
0%
Subscapularis, origin Subscapular fossa
0%
Origin, crest Supinator crest
0%
Biceps brachii. origin for long head Supraglenoid tubercle
0%
Nerve Suprascapular
0%
Nerve Suprascapular
0%
Root value T1
0%
Root value T1
0%
Root value T1
0%
Root value T1
0%
Root value T1
0%
Root value T1
0%
Root value T1
0%
Root value T1
0%
Nerve Thoracodorsal
0%
Latissimus dorsi, origin Thoracolumbar fascia on SP T7 - S5
0%
Origin, distal carpal 1 Trapezium
0%
Origin, distal carpal Trapezium
0%
Origin, distal carpal Trapezium
0%
Origin, distal carpal 2 Trapezoid
0%
Origin, distal carpal 2 Trapezoid
0%
Levator scapulae, origin TVP of C1 - C4
0%
Nerve, medial part Ulnar
0%
Nerve Ulnar
0%
Nerve Ulnar
0%
Nerve Ulnar
0%
Nerve Ulnar
0%
Nerve Ulnar
0%
Nerve Ulnar
0%
Nerve Ulnar
0%
Origin, cartilages Upper 6 costal cartilages
0%
Serratus anterior, origin Upper 8 - 9 ribs
0%
Nerve Upper and lower subscapular
0%
Nerve, lower Ventral rami
0%
No matching quizzes found
Score Distribution
Percent of People with Each Score
Percentile by Number Answered
Your Score History
You have not taken this quiz